Korn Lyrics Quiz - Statistics

General Stats
  • This quiz has been taken 521 times
  • The average score is 15 of 50
Answer Stats
Lyrics Song % Correct
Something takes a part of me, You and I were meant to be Freak On A Leash
97%
Swing at me again if you like, Throw your hate at me with all your might. Clown
58%
This place inside my mind, A place I like to hide. You don't know the chances, What if I should die? Blind
55%
Mother, please forgive me, I just had to get out all my pain and suffering Daddy
53%
Screwing might be the only way, That I can truly be free from my f**ked up reality, So I dream and stroke it harder A.D.I.D.A.S
50%
Hey, I'm feeling tired, My time has gone today Falling Away From Me
50%
Knick knack patty wack, Give a dog a bone, This old man came rollin' home. Shoots And Ladders
49%
To the world that never appreciated shit, You can suck my dick and f**king like it! F*get
48%
I'm feeling mean today, Not lost, not blown away Right Now
44%
Because the music do, And then it's reaching, Inside you, forever preaching Twisted Transistor
44%
What's going on today, We need to break away. Yall Want A Single
42%
You were my brother (where does our friendship end?) Ball Tongue
39%
So I take my face, And bash it into a mirror, I won't have to see the pain Here To Stay
39%
I can't stand to let you win, I'm just watching you, And I don't know what to do Somebody Someone
39%
Thumbing through the pages of my fantasies, Pushing all the mercy down, down, down Thoughtless
39%
I am the one who chose my path, I am the one who couldn't last Did My Time
37%
I feel the reason as it's leaving me, no, not again Make Me Bad
34%
So give me something that is for real, I'll never ever follow Got The Life
33%
You really want me to be a good son, Why you make me feel like no one? Dead Bodies Everywhere
32%
Sick of the same old thing! So I dig a hole and bury pain! Chi
31%
In the sea of life, you're just a minnow, Live your life insecure, Good God
31%
My heart inside is constantly hating! I'm sorry, I just throw you away! Trash
31%
I hate writing shit, it is so stupid, What's my problem today? A$$ Itch
30%
What a disgrace, Who do I feel sorry for? Pretty
30%
Take off in space, You and I Justin
26%
Oh my God, How could you deny the flood, That's flowing through you? Liar
26%
I hurt so bad inside, I wish you could see the world through my eyes Dirty
24%
I would come walking in, and I'd say hello, But you slap me, And you make some f**ked up comment about my clothes Kill You
24%
Do you ever see outside your fears? Thinking about your life? Thinking about your inner fears? Lies
24%
It's in religion, sex, and everything we do and say, I look the other way, won't you? Politics
24%
So I see this face so innocent and fine, So I see this face and I realize it's mine Seed
24%
I'm trying to hold it together, Head is lighter than a feather, Looks like I'm not getting better Coming Undone
23%
Now I see the times they change, Leaving doesn't seem so strange Alone I Break
22%
I can take no more! What are we fighting for? You are my brothers! Each one I would die for! Wake Up
22%
The time has come to realize, What you are, what you've done inside Mr. Rodgers
19%
Weeping rose of Jeremiah, Drops of blood drip off your petals Hypocrites
18%
Rolling and throwing, consoling, Everything that goes this far Blame
17%
I hate you, Can't you feel the pain? My Gift To You
17%
I can't stand what you put me through, I can't stand even the thought of you Fake
16%
You sucked the life out of me, You hate everything you see Counting On Me
15%
Is there ever any wonder, why we look to the sky? Search in vain, asking why Hollow Life
15%
Head trip for the mortal earthbound, One sip of the blood that I found, Lying here, I'm dying here Love Song
15%
Trust nobody, I don't know who to call a friend, They all just pretend to be Play Me
14%
I am going insane, this shit is all about pain, I cannot maintain as the shit oozes out of my brain Wish You Could Be Me
14%
Let me see, all my life has been taken, This demon haunts me, They're waiting, help me Hey Daddy
13%
Stand up, nobody's dying to save you! Speak up, nobody's waiting to see you! Wake up, nobody's working to pay you! Souvenir
13%
I am living without you, You think everything will be fine Break Some Off
12%
Some who look at the time, I looked back into my life, You wanna touch me to see what's in my eyes No Place To Hide
12%
I bide my time, I'm intertwined, I'm falling in this place, I thought I left behind Alive
10%
All my feelings have been eating all of me, Feeling tired, Is there something wrong with me? Hating
9%
No matching quizzes found
Score Distribution
Percent of People with Each Score
Percentile by Number Answered
Your Score History
You have not taken this quiz